[Event "DVM U14 2015"]
[Site "Verden/Aller GER"]
[Date "2015.12.29"]
[Round "6"]
[White "Liedtke, Sebastian"]
[Black "Mallon, Frederik"]
[Result "0-1"]
[Termination "normal"]
[Board "7.4"]
[WhiteElo "1315"]
[BlackElo "1397"]
[WhiteTeam "SG Leipzig"]
[BlackTeam "TuS Coswig 1920"]
[PlyCount "82"]
[WhiteFideId "16217667"]
[BlackFideId "12985104"]
[EventCountry "GER"]
[EventRounds "7"]
[EventType "team-swiss"]
[EventDate "2015.12.26"]

1. e4 c5 2. f4 Nc6 3. Nc3 d6 4. Bb5 Bd7 5. Nf3 g6 6. Bxc6 Bxc6 7. d3 Bg7 8. O-O
Nf6 9. h3 O-O 10. Qe1 Qb6 11. Rb1 Rad8 12. g4 Qa5 13. a3 b5 14. Qh4 b4 15. axb4
cxb4 16. Ne2 Qc5+ 17. Qf2 Qxc2 18. Ra1 Qxd3 19. e5 Ne4 20. Qh2 dxe5 21. Nxe5
Bxe5 22. fxe5 Nd2 23. Bxd2 Qxd2 24. Rae1 Qe3+ 25. Rf2 Rd2 26. Kf1 Bb5 27. Qg2
Rfd8 28. Qh2 Bxe2+ 29. Rfxe2 Rxe2 30. Qxe2 Qxh3+ 31. Qg2 Qxg2+ 32. Kxg2 Rd2+
33. Kf3 Rxb2 34. Ke3 a5 35. Ra1 Rb3+ 36. Kd2 Ra3 37. Rc1 b3 38. Rc3 b2 39. Rc8+
Kg7 40. Rb8 Rg3 41. Rxb2 Rg2+ 0-1

[Event "DVM U14 2015"]
[Site "Verden/Aller GER"]
[Date "2015.12.29"]
[Round "6"]
[White "Hermanns, Till"]
[Black "Savchenko, Daniel"]
[Result "0-1"]
[Termination "normal"]
[Board "8.1"]
[WhiteElo "1586"]
[BlackElo "1849"]
[WhiteTeam "SC Landskrone"]
[BlackTeam "Düsseldorfer SK 14/25"]
[PlyCount "170"]
[WhiteFideId "12972347"]
[BlackFideId "12919195"]
[EventCountry "GER"]
[EventRounds "7"]
[EventType "team-swiss"]
[EventDate "2015.12.26"]

1. d4 Nf6 2. Nf3 e6 3. c4 c5 4. Nc3 cxd4 5. Nxd4 d6 6. Bg5 Be7 7. Nf3 O-O 8. e3
Qb6 9. Qc2 Nc6 10. Be2 h6 11. Bh4 e5 12. O-O Be6 13. Rfd1 Rfd8 14. Rd2 Rac8 15.
b3 Nb4 16. Qb2 Qc7 17. Rad1 a6 18. a3 Nc6 19. Bxf6 Bxf6 20. e4 Nd4 21. Nd5 Bxd5
22. exd5 Qb6 23. Nxd4 exd4 24. Bd3 Re8 25. Qb1 Re5 26. Re2 Rxe2 27. Bxe2 d3 28.
Qxd3 a5 29. Rb1 Bd4 30. Qf3 Bc5 31. b4 axb4 32. axb4 Re8 33. Bf1 Bd4 34. Qf4
Ra8 35. Qd2 Ra3 36. Qc2 Qa7 37. Re1 g6 38. Re2 Kg7 39. b5 Be5 40. h3 Qd4 41.
Qe4 Qc5 42. Re3 Ra2 43. Re2 Ra4 44. Rc2 Ra1 45. Rd2 Qb4 46. Qc2 Rb1 47. Qd3 h5
48. Qe2 Bc3 49. Rc2 Re1 50. Qd3 Be5 51. Re2 Ra1 52. Rc2 Qa4 53. Qe2 Qa5 54. Qd2
Qa4 55. Qe2 Rb1 56. Qd2 Qa1 57. Qd3 Rxf1+ 58. Qxf1 Bh2+ 59. Kxh2 Qxf1 60. f3
Kf6 61. c5 Qxb5 62. c6 bxc6 63. dxc6 Qf5 64. Rc4 Qc8 65. c7 Ke7 66. Kg3 d5 67.
Rc2 Kd7 68. Kf4 Kd6 69. g4 h4 70. Rc1 Qxc7 71. Rxc7 Kxc7 72. Ke5 Kc6 73. g5 Kc5
74. Kf6 d4 75. Kxf7 d3 76. Kxg6 d2 77. Kh7 d1=Q 78. g6 Qxf3 79. g7 Qh5+ 80. Kg8
Kd6 81. Kf8 Qf5+ 82. Kg8 Ke7 83. Kh8 Qh5+ 84. Kg8 Kf6 85. Kf8 Qf7# 0-1

[Event "DVM U14 2015"]
[Site "Verden/Aller GER"]
[Date "2015.12.29"]
[Round "6"]
[White "Kreutzmann, Duke"]
[Black "Lorenz, Tobias"]
[Result "1/2-1/2"]
[Termination "normal"]
[Board "8.2"]
[WhiteElo "1840"]
[BlackElo "1716"]
[WhiteTeam "Düsseldorfer SK 14/25"]
[BlackTeam "SC Landskrone"]
[PlyCount "86"]
[WhiteFideId "1330055"]
[BlackFideId "12977500"]
[EventCountry "GER"]
[EventRounds "7"]
[EventType "team-swiss"]
[EventDate "2015.12.26"]

1. c4 Nf6 2. Nc3 g6 3. g3 Bg7 4. Bg2 c5 5. d3 d6 6. a3 Qc7 7. Rb1 a6 8. Bd2 Nc6
9. b4 Rb8 10. b5 axb5 11. Nxb5 Qd8 12. Nf3 Bd7 13. O-O O-O 14. Qc2 Qc8 15. Rfc1
Nd8 16. Rb3 Bxb5 17. Rxb5 b6 18. Rcb1 Nd7 19. Qc1 Re8 20. Bc3 Bxc3 21. Qxc3 Nc6
22. R5b2 Qc7 23. e3 e5 24. Nd2 Rb7 25. Qc2 Ra8 26. Rb3 Rba7 27. Qc1 Rb8 28. Ne4
f6 29. Nc3 Raa8 30. Nb5 Qc8 31. Nxd6 Qc7 32. Nb5 Qc8 33. Nc3 Ra6 34. Nd5 Kf7
35. Qc3 Ne7 36. Qc2 Nxd5 37. Bxd5+ Ke7 38. Qe2 Qc7 39. Qb2 Qd6 40. Qc3 Qc7 41.
Qd2 Qd6 42. Qe2 Qc7 43. Qf3 Qc8 1/2-1/2

[Event "DVM U14 2015"]
[Site "Verden/Aller GER"]
[Date "2015.12.29"]
[Round "6"]
[White "Dittenberger, Timo"]
[Black "Righi, Sofian"]
[Result "0-1"]
[Termination "normal"]
[Board "8.3"]
[WhiteElo "1481"]
[BlackElo "1620"]
[WhiteTeam "SC Landskrone"]
[BlackTeam "Düsseldorfer SK 14/25"]
[PlyCount "112"]
[WhiteFideId "12977519"]
[BlackFideId "12987581"]
[EventCountry "GER"]
[EventRounds "7"]
[EventType "team-swiss"]
[EventDate "2015.12.26"]

1. d4 d5 2. Nf3 e6 3. a3 Nf6 4. Bg5 Be7 5. e3 O-O 6. c4 b6 7. Nbd2 Bb7 8. Be2
Nbd7 9. O-O Rc8 10. b4 c5 11. Qb3 dxc4 12. Bxc4 Bd5 13. Bxd5 Nxd5 14. Bxe7 Qxe7
15. bxc5 bxc5 16. e4 Nf4 17. Qe3 Ng6 18. Rac1 cxd4 19. Nxd4 Nb6 20. f4 e5 21.
Nc6 Qe8 22. Nxa7 Rxc1 23. Rxc1 Qb8 24. Rb1 Qxa7 25. Qxb6 Qxa3 26. f5 Nf4 27.
Qf2 Rd8 28. Nf3 Qc3 29. h3 Nd3 30. Qb6 Qc5+ 31. Qxc5 Nxc5 32. Nxe5 Nxe4 33. Rb7
Nd6 34. Ra7 Re8 35. Rd7 f6 36. Rxd6 Rxe5 37. g4 h5 38. Kg2 h4 39. Rd8+ Kh7 40.
Rd3 Ra5 41. Rf3 Kh6 42. Re3 Ra2+ 43. Kf3 Rh2 44. Kf4 Rh1 45. Rf3 Rg1 46. Re3
Rh1 47. Rf3 Ra1 48. Re3 g6 49. fxg6 Kxg6 50. Re4 Rf1+ 51. Ke3 Rh1 52. Kf2 Rxh3
53. Kg2 Rg3+ 54. Kh2 Kg5 55. Re2 Rxg4 56. Rf2 f5 0-1

[Event "DVM U14 2015"]
[Site "Verden/Aller GER"]
[Date "2015.12.29"]
[Round "6"]
[White "Oezdemir, Edwin-Daniel"]
[Black "Rühl, Alexander"]
[Result "0-1"]
[Termination "normal"]
[Board "8.4"]
[WhiteElo "1568"]
[BlackElo "1550"]
[WhiteTeam "Düsseldorfer SK 14/25"]
[BlackTeam "SC Landskrone"]
[PlyCount "74"]
[WhiteFideId "12919055"]
[BlackFideId "16204131"]
[EventCountry "GER"]
[EventRounds "7"]
[EventType "team-swiss"]
[EventDate "2015.12.26"]

1. e4 e5 2. d4 exd4 3. Qxd4 Nc6 4. Qe3 Bb4+ 5. Nd2 d6 6. c3 Bc5 7. Qg3 Qf6 8.
Nb3 Bb6 9. Bd2 Nge7 10. f3 Be6 11. O-O-O O-O 12. Bd3 a5 13. h4 a4 14. Bg5 Qg6
15. h5 Be3+ 16. Nd2 Qxg5 17. Qxg5 Bxg5 18. a3 Bb3 19. Rf1 Bxd2+ 20. Kxd2 Ne5
21. Bb1 Rad8 22. f4 N5c6 23. h6 g6 24. Rh3 d5 25. e5 d4 26. Kc1 dxc3 27. Rxc3
Rd7 28. Rd3 Rfd8 29. Rxd7 Rxd7 30. g4 Nd5 31. Nf3 Nxf4 32. Bc2 Bxc2 33. Kxc2
Nd3 34. Kb1 Ncxe5 35. Nxe5 Nxe5 36. Re1 Re7 37. Rd1 Kf8 0-1

[Event "DVM U14 2015"]
[Site "Verden/Aller GER"]
[Date "2015.12.29"]
[Round "6"]
[White "Bold, Andre"]
[Black "Pfreundt, Mathis"]
[Result "0-1"]
[Termination "normal"]
[Board "9.1"]
[WhiteElo "1981"]
[BlackElo "1871"]
[WhiteTeam "SC 1975 Bann"]
[BlackTeam "Königsspringer SC 1984"]
[PlyCount "135"]
[WhiteFideId "16208471"]
[BlackFideId "12967092"]
[EventCountry "GER"]
[EventRounds "7"]
[EventType "team-swiss"]
[EventDate "2015.12.26"]

1. d4 d5 2. c4 e6 3. Nf3 Nf6 4. Nc3 Be7 5. e3 O-O 6. Be2 b6 7. O-O Bb7 8. b3
Nbd7 9. Bb2 Rc8 10. Rc1 c5 11. Re1 h6 12. h3 Re8 13. Bf1 Bf8 14. a3 a6 15. Kh1
Kh8 16. Kg1 Kg8 17. Kh1 Bd6 18. Kg1 Qe7 19. cxd5 Nxd5 20. Nxd5 exd5 21. a4 a5
22. Bb5 Rf8 23. dxc5 Nxc5 24. Nd4 Qg5 25. Qg4 Qxg4 26. hxg4 Be5 27. Rb1 g6 28.
Ba3 Rfd8 29. f3 Bxd4 30. exd4 Ne6 31. Be7 Nxd4 32. Bxd8 Rxd8 33. Rbc1 Ne6 34.
Kf2 Kg7 35. g3 g5 36. Red1 Nc5 37. Rb1 Ba6 38. Bxa6 Nxa6 39. Rd4 Nb4 40. Rc1
Re8 41. f4 Re6 42. f5 Re5 43. Rc3 Re8 44. Rxb4 axb4 45. Rc6 Rb8 46. Ke3 Re8+
47. Kf3 d4 48. Rxb6 Re3+ 49. Kf2 Rxb3 50. a5 Rb2+ 51. Ke1 d3 52. a6 Ra2 53.
Rxb4 Rxa6 54. Rd4 Ra2 55. Rxd3 Ra4 56. Kf2 Rxg4 57. Kf3 h5 58. Rd6 Ra4 59. Rc6
g4+ 60. Ke3 Ra3+ 61. Kf4 f6 62. Rc7+ Kh6 63. Rc8 Ra4+ 64. Ke3 Kg5 65. Rg8+ Kxf5
66. Rh8 Ra3+ 67. Kf2 Ra2+ 68. Ke3 0-1

[Event "DVM U14 2015"]
[Site "Verden/Aller GER"]
[Date "2015.12.29"]
[Round "6"]
[White "Kipke, Kevin"]
[Black "Deppert, Smilla"]
[Result "1-0"]
[Termination "normal"]
[Board "9.2"]
[WhiteElo "1666"]
[BlackElo "1110"]
[WhiteTeam "Königsspringer SC 1984"]
[BlackTeam "SC 1975 Bann"]
[PlyCount "55"]
[WhiteFideId "12988332"]
[BlackFideId "16217713"]
[EventCountry "GER"]
[EventRounds "7"]
[EventType "team-swiss"]
[EventDate "2015.12.26"]

1. e4 e5 2. Nf3 Nc6 3. d4 exd4 4. Nxd4 Nxd4 5. Qxd4 d6 6. Nc3 Nf6 7. Be3 c5 8.
Qd2 b6 9. f3 Be7 10. Be2 O-O 11. O-O-O Be6 12. g4 Nd7 13. Rdg1 Ne5 14. f4 Nc6
15. g5 f6 16. h4 Bf7 17. h5 fxg5 18. fxg5 Ne5 19. Nd5 Bxd5 20. Qxd5+ Nf7 21. g6
h6 22. gxf7+ Rxf7 23. Rf1 Bf6 24. Bc4 Qe8 25. Rhg1 Qe7 26. Qxa8+ Kh7 27. Bxf7
Qxf7 28. Bxh6 1-0

[Event "DVM U14 2015"]
[Site "Verden/Aller GER"]
[Date "2015.12.29"]
[Round "6"]
[White "Wenzel, Sander"]
[Black "Cinar, Alihan"]
[Result "1-0"]
[Termination "normal"]
[Board "9.3"]
[WhiteElo "1145"]
[BlackElo "1171"]
[WhiteTeam "SC 1975 Bann"]
[BlackTeam "Königsspringer SC 1984"]
[PlyCount "65"]
[WhiteFideId "16217721"]
[BlackFideId "16217608"]
[EventCountry "GER"]
[EventRounds "7"]
[EventType "team-swiss"]
[EventDate "2015.12.26"]

1. e4 e5 2. Nf3 Nc6 3. Bc4 Nf6 4. d3 Bc5 5. Be3 Bb6 6. Nc3 d6 7. Ne2 Bg4 8. Ng3
Qd7 9. c3 O-O-O 10. h3 Be6 11. Bb3 h6 12. Qe2 d5 13. Bxb6 axb6 14. O-O-O d4 15.
Bxe6 Qxe6 16. c4 Ne7 17. b4 Ng6 18. Nf5 Rhg8 19. g3 Qc6 20. Qc2 Kb8 21. a4 Qd7
22. Kd2 Qe6 23. Ra1 Ne7 24. Nxe7 Qxe7 25. Qb3 Nd7 26. a5 Qe6 27. a6 bxa6 28.
Rxa6 Kb7 29. Rha1 Qf6 30. Ke2 c5 31. bxc5 Nxc5 32. Ra7+ Kc6 33. Qb5+ 1-0

[Event "DVM U14 2015"]
[Site "Verden/Aller GER"]
[Date "2015.12.29"]
[Round "6"]
[White "Kipke, Mark"]
[Black "Scherer, Muriel"]
[Result "1-0"]
[Termination "normal"]
[Board "9.4"]
[WhiteElo "1268"]
[BlackElo "1040"]
[WhiteTeam "Königsspringer SC 1984"]
[BlackTeam "SC 1975 Bann"]
[PlyCount "89"]
[WhiteFideId "16217616"]
[BlackFideId "16217730"]
[EventCountry "GER"]
[EventRounds "7"]
[EventType "team-swiss"]
[EventDate "2015.12.26"]

1. e4 e5 2. Nf3 Nc6 3. Bc4 Nf6 4. d4 exd4 5. e5 Ne4 6. Nxd4 Bc5 7. Be3 d6 8.
Nf3 O-O 9. exd6 Qxd6 10. O-O Bg4 11. Qxd6 Bxd6 12. Nbd2 Nc5 13. h3 Bh5 14. Nd4
Nxd4 15. Bxd4 Bg6 16. Nb3 Ne4 17. Rfe1 Rfe8 18. c3 b6 19. Be3 h6 20. Rad1 Rad8
21. Nd2 Nxd2 22. Rxd2 Be5 23. Rxd8 Rxd8 24. Bxb6 axb6 25. Rxe5 Rd2 26. Re2 Rd6
27. b4 c5 28. bxc5 bxc5 29. a4 Bf5 30. a5 Bc8 31. Re8+ Kh7 32. Rxc8 Rd1+ 33.
Kh2 Rc1 34. Rxc5 Rxc3 35. a6 Ra3 36. Rc7 Ra5 37. a7 Rxa7 38. Rxa7 f6 39. g4 Kg6
40. f4 Kh7 41. Bd3+ Kg8 42. Bg6 Kf8 43. f5 h5 44. gxh5 Kg8 45. Ra8# 1-0

[Event "DVM U14 2015"]
[Site "Verden/Aller GER"]
[Date "2015.12.29"]
[Round "6"]
[White "Anders, Julian"]
[Black "Merx, Florian"]
[Result "0-1"]
[Termination "normal"]
[Board "10.1"]
[WhiteElo "1392"]
[BlackElo "1628"]
[WhiteTeam "SK Freiburg Zähringen 1887"]
[BlackTeam "SV Empor Erfurt"]
[PlyCount "56"]
[WhiteFideId "16217748"]
[BlackFideId "16212304"]
[EventCountry "GER"]
[EventRounds "7"]
[EventType "team-swiss"]
[EventDate "2015.12.26"]

1. c4 e6 2. g3 Nf6 3. Bg2 d5 4. b3 Be7 5. d3 O-O 6. Nd2 c6 7. Bb2 Nbd7 8. Ngf3
Re8 9. O-O Bd6 10. Re1 Bb4 11. a3 Bd6 12. b4 Bc7 13. a4 e5 14. e4 d4 15. c5 a5
16. Ba3 axb4 17. Bxb4 Nb8 18. Qb3 Be6 19. Qc2 Na6 20. Ba3 Nd7 21. Rab1 Rb8 22.
Ng5 Qxg5 23. Rb2 Ba5 24. Nf3 Qd8 25. Reb1 Qc7 26. Nd2 Bc3 27. Nc4 Bxc4 28. dxc4
Bxb2 0-1

[Event "DVM U14 2015"]
[Site "Verden/Aller GER"]
[Date "2015.12.29"]
[Round "6"]
[White "Finke, Daniel"]
[Black "Schede, John"]
[Result "1-0"]
[Termination "normal"]
[Board "10.2"]
[WhiteElo "1342"]
[BlackElo "1249"]
[WhiteTeam "SV Empor Erfurt"]
[BlackTeam "SK Freiburg Zähringen 1887"]
[PlyCount "85"]
[WhiteFideId "16217675"]
[BlackFideId "16217756"]
[EventCountry "GER"]
[EventRounds "7"]
[EventType "team-swiss"]
[EventDate "2015.12.26"]

1. e4 Nf6 2. e5 Nd5 3. d4 d6 4. exd6 exd6 5. c4 Nb6 6. Nc3 Nc6 7. Be3 g6 8. Bd3
Bg7 9. Nge2 d5 10. c5 Nd7 11. O-O Nf6 12. Re1 O-O 13. Qd2 Re8 14. Bh6 Ng4 15.
Bxg7 Kxg7 16. h3 Nh6 17. a3 a6 18. b4 Qf6 19. Nxd5 Qd8 20. Ne3 Qg5 21. Ng3 Kg8
22. Nc4 Rxe1+ 23. Rxe1 Qxd2 24. Nxd2 Nxd4 25. Re7 Ne6 26. Re8+ Kg7 27. Bc4 b5
28. Bxe6 fxe6 29. Re7+ Kf6 30. Rxc7 Nf7 31. Nf3 e5 32. Ne4+ Kf5 33. Rxf7+ Kxe4
34. Rxh7 Bf5 35. Re7 Kd3 36. Rxe5 Kc3 37. Re3+ Kb2 38. g4 Bc2 39. h4 Rd8 40. c6
Bb3 41. h5 Kxa3 42. c7 Rc8 43. Nd4 1-0

[Event "DVM U14 2015"]
[Site "Verden/Aller GER"]
[Date "2015.12.29"]
[Round "6"]
[White "Niebur, Thorben Carl"]
[Black "Schede, Wolf"]
[Result "1-0"]
[Termination "normal"]
[Board "10.4"]
[WhiteElo "1193"]
[BlackElo "1062"]
[WhiteTeam "SV Empor Erfurt"]
[BlackTeam "SK Freiburg Zähringen 1887"]
[PlyCount "43"]
[WhiteFideId "16217691"]
[BlackFideId "16217772"]
[EventCountry "GER"]
[EventRounds "7"]
[EventType "team-swiss"]
[EventDate "2015.12.26"]

1. e4 c5 2. Nf3 Nc6 3. d4 cxd4 4. Nxd4 e5 5. Nb3 Nf6 6. f3 Be7 7. Nc3 Bb4 8.
Bd2 Bxc3 9. Bxc3 O-O 10. g4 h6 11. Qd2 d5 12. O-O-O d4 13. Bb4 Re8 14. h4 Nd7
15. Ba3 a6 16. g5 h5 17. g6 fxg6 18. Bc4+ Kh7 19. Bf7 Rh8 20. Rdg1 Ne7 21. Qg5
Qb6 22. Bxe7 1-0

[Event "DVM U14 2015"]
[Site "Verden/Aller GER"]
[Date "2015.12.30"]
[Round "7"]
[White "Roseneck, Jonas"]
[Black "Kunath, Tim"]
[Result "1/2-1/2"]
[Termination "normal"]
[Board "1.1"]
[WhiteElo "2021"]
[BlackElo "1769"]
[WhiteTeam "SG Aufbau Elbe Magdeburg"]
[BlackTeam "TuS Coswig 1920"]
[PlyCount "94"]
[WhiteFideId "12939870"]
[BlackFideId "12985074"]
[EventCountry "GER"]
[EventRounds "7"]
[EventType "team-swiss"]
[EventDate "2015.12.26"]

1. e4 c6 2. c4 d5 3. cxd5 cxd5 4. exd5 Nf6 5. Nc3 Nxd5 6. Nf3 Nc6 7. Bb5 Nxc3
8. bxc3 Bd7 9. O-O e6 10. d4 Be7 11. Bd3 O-O 12. Rb1 Qc7 13. Qc2 h6 14. Re1
Rac8 15. Bd2 Nb4 16. Bh7+ Kh8 17. cxb4 Qxc2 18. Bxc2 Rxc2 19. a3 Rfc8 20. Rbc1
Bd6 21. Be3 Rxc1 22. Rxc1 Rxc1+ 23. Bxc1 f6 24. Kf1 Kg8 25. Ke2 Kf7 26. Ke3 Bc6
27. g3 Ke7 28. Bb2 Kd7 29. Nd2 Bd5 30. Kd3 Kc6 31. Nc4 Bxc4+ 32. Kxc4 b5+ 33.
Kd3 Kd5 34. Bc3 Bc7 35. Bd2 Bb6 36. Be3 a5 37. h3 axb4 38. axb4 Bc7 39. Bd2 Bd6
40. Bc3 f5 41. f4 Be7 42. h4 g6 43. Bd2 Bf8 44. Be3 Be7 45. Bd2 Bf8 46. Be1 Bd6
47. Bc3 Bb8 1/2-1/2

[Event "DVM U14 2015"]
[Site "Verden/Aller GER"]
[Date "2015.12.30"]
[Round "7"]
[White "Lehne, Arwin Hugo"]
[Black "Biastoch, Bennet"]
[Result "0-1"]
[Termination "normal"]
[Board "1.2"]
[WhiteElo "1437"]
[BlackElo "2051"]
[WhiteTeam "TuS Coswig 1920"]
[BlackTeam "SG Aufbau Elbe Magdeburg"]
[PlyCount "136"]
[WhiteFideId "12985090"]
[BlackFideId "12939889"]
[EventCountry "GER"]
[EventRounds "7"]
[EventType "team-swiss"]
[EventDate "2015.12.26"]

1. d4 Nf6 2. Nf3 g6 3. Bf4 Bg7 4. e3 O-O 5. c4 d6 6. h3 c5 7. Nc3 Nc6 8. Be2
Nh5 9. Bh2 cxd4 10. Nxd4 Nf6 11. Bf3 Qb6 12. Nxc6 bxc6 13. Qd2 Bb7 14. O-O Nd7
15. Rac1 Ne5 16. Bxe5 Bxe5 17. Rfd1 Rac8 18. b3 Qc7 19. Ne2 Rfd8 20. Nd4 Bg7
21. Bg4 Ra8 22. Bf3 a5 23. Qc2 Qd7 24. Rd2 Qe8 25. Rcd1 Rac8 26. Qb1 Rc7 27.
Bg4 e5 28. Nc2 d5 29. cxd5 cxd5 30. Bf3 e4 31. Be2 Bc3 32. Nd4 Bxd2 33. Rxd2
Rdc8 34. Qb2 Rc1+ 35. Kh2 Qe5+ 36. g3 Qf6 37. Kg2 Ba6 38. Bxa6 Qxa6 39. Ne2
R1c5 40. Qe5 Qc6 41. Nd4 Qe8 42. Qg5 Qd8 43. Qe5 h6 44. Ne2 Qg5 45. Qd6 R5c6
46. Qxd5 Qxd5 47. Rxd5 Rc2 48. Nd4 Rxa2 49. Re5 f5 50. g4 fxg4 51. hxg4 Rf8 52.
Kg3 Rfxf2 53. Rxe4 Rg2+ 54. Kf4 Raf2+ 55. Ke5 h5 56. gxh5 gxh5 57. Nf5 Rg5 58.
Rf4 Rxf4 59. Kxf4 Rg4+ 60. Kf3 Rb4 61. Nd4 Rxd4 62. exd4 Kf7 63. d5 Ke7 64. Kf4
Kd6 65. Kg5 Kxd5 66. Kxh5 Kd4 67. Kg5 Kc3 68. Kf4 Kxb3 0-1

[Event "DVM U14 2015"]
[Site "Verden/Aller GER"]
[Date "2015.12.30"]
[Round "7"]
[White "Wagner, Benjamin"]
[Black "von Koslowski, Wilhelm"]
[Result "1/2-1/2"]
[Termination "normal"]
[Board "1.3"]
[WhiteElo "1829"]
[BlackElo "1526"]
[WhiteTeam "SG Aufbau Elbe Magdeburg"]
[BlackTeam "TuS Coswig 1920"]
[PlyCount "56"]
[WhiteFideId "12957330"]
[BlackFideId "12985147"]
[EventCountry "GER"]
[EventRounds "7"]
[EventType "team-swiss"]
[EventDate "2015.12.26"]

1. e4 d5 2. exd5 Qxd5 3. Nc3 Qa5 4. d4 c6 5. Nf3 Nf6 6. Bc4 Bf5 7. Bd2 Qc7 8.
Ne5 e6 9. Qe2 Nbd7 10. O-O-O Nb6 11. Bb3 O-O-O 12. Bg5 Bd6 13. f3 Bxe5 14. dxe5
Rxd1+ 15. Rxd1 Nfd5 16. Nxd5 cxd5 17. g4 Bg6 18. f4 Be4 19. Bh4 Qc6 20. Be7 Kb8
21. Bd6+ Ka8 22. Rd4 Rc8 23. c3 a5 24. Qd1 Qb5 25. h4 Nc4 26. a4 Qa6 27. Bxc4
Rxc4 28. Qe1 Rxd4 1/2-1/2

[Event "DVM U14 2015"]
[Site "Verden/Aller GER"]
[Date "2015.12.30"]
[Round "7"]
[White "Mallon, Frederik"]
[Black "Cejda, Cecilia"]
[Result "1/2-1/2"]
[Termination "normal"]
[Board "1.4"]
[WhiteElo "1397"]
[BlackElo "1600"]
[WhiteTeam "TuS Coswig 1920"]
[BlackTeam "SG Aufbau Elbe Magdeburg"]
[PlyCount "77"]
[WhiteFideId "12985104"]
[BlackFideId "12921122"]
[EventCountry "GER"]
[EventRounds "7"]
[EventType "team-swiss"]
[EventDate "2015.12.26"]

1. d4 f5 2. c4 Nf6 3. Nc3 g6 4. g3 Bg7 5. Bg2 O-O 6. Nf3 d6 7. O-O Qe8 8. b3
Na6 9. Bb2 c6 10. Re1 Bd7 11. e4 fxe4 12. Nxe4 Nxe4 13. Rxe4 Bf5 14. Re3 Nb4
15. Qe2 Rf7 16. Ng5 Bh6 17. Nxf7 Bxe3 18. Nxd6 Bxf2+ 19. Qxf2 exd6 20. Qd2 Nc2
21. Rc1 Qe3+ 22. Qxe3 Nxe3 23. Re1 Nxg2 24. Kxg2 Kf7 25. Kf3 a5 26. g4 Be6 27.
Ba3 d5 28. c5 Rf8 29. Kg3 g5 30. Rf1+ Ke7 31. Rxf8 Kxf8 32. Bc1 h6 33. h4 gxh4+
34. Kxh4 Kg7 35. Bd2 a4 36. g5 hxg5+ 37. Kxg5 axb3 38. axb3 Bh3 39. Kf4 1/2-1/2

[Event "DVM U14 2015"]
[Site "Verden/Aller GER"]
[Date "2015.12.30"]
[Round "7"]
[White "Kopylov, Daniel"]
[Black "Engel, Luis"]
[Result "1/2-1/2"]
[Termination "normal"]
[Board "2.1"]
[WhiteElo "1966"]
[BlackElo "2117"]
[WhiteTeam "TuRa Harksheide Norderstedt"]
[BlackTeam "Hamburger SK von 1830"]
[PlyCount "142"]
[WhiteFideId "12921971"]
[BlackFideId "12961523"]
[EventCountry "GER"]
[EventRounds "7"]
[EventType "team-swiss"]
[EventDate "2015.12.26"]

1. e4 c5 2. Nf3 d6 3. d4 cxd4 4. Nxd4 Nf6 5. Nc3 a6 6. Be2 e5 7. Nb3 Be7 8. O-O
O-O 9. Be3 Be6 10. Qd2 Nbd7 11. a4 Nb6 12. a5 Nc4 13. Bxc4 Bxc4 14. Rfd1 Rc8
15. Nc1 d5 16. Bb6 Qd7 17. Nxd5 Nxe4 18. Nf6+ Nxf6 19. Qxd7 Nxd7 20. Rxd7 Bg5
21. c3 Rb8 22. Nd3 Be6 23. Nc5 Bxd7 24. Nxd7 Rbc8 25. Nxf8 Kxf8 26. Rd1 Ke7 27.
g3 f5 28. Kg2 Ke6 29. Re1 Bf6 30. Rc1 Bd8 31. Bxd8 Rxd8 32. Kf3 Rd2 33. b4 e4+
34. Ke3 Rd3+ 35. Ke2 Kd5 36. c4+ Kc6 37. b5+ Kc7 38. bxa6 bxa6 39. Rb1 Ra3 40.
Rb6 Rxa5 41. Re6 Kd7 42. Rb6 Rc5 43. Rxa6 Rxc4 44. Ra7+ Rc7 45. Ra6 Ke7 46. Rb6
Kf7 47. Ra6 Re7 48. Ke3 Rb7 49. Ke2 g6 50. Ke3 Rb3+ 51. Ke2 Kg7 52. Rc6 Kh6 53.
Rc7 Rb6 54. h4 Ra6 55. Ke3 Ra1 56. Ke2 Ra2+ 57. Ke3 Ra3+ 58. Ke2 f4 59. gxf4
Rh3 60. Re7 Rxh4 61. Rxe4 Kg7 62. Kf3 Rh5 63. Re5 Rh3+ 64. Kg4 Rh1 65. Kg3 Kf6
66. Kg2 Rd1 67. Re8 Kf5 68. Rf8+ Kg4 69. Rf7 h6 70. Rf6 Kh5 71. f5 gxf5 1/2-1/2

[Event "DVM U14 2015"]
[Site "Verden/Aller GER"]
[Date "2015.12.30"]
[Round "7"]
[White "Holinka, Henning"]
[Black "Oganessjan, Artur"]
[Result "0-1"]
[Termination "normal"]
[Board "2.2"]
[WhiteElo "2027"]
[BlackElo "1815"]
[WhiteTeam "Hamburger SK von 1830"]
[BlackTeam "TuRa Harksheide Norderstedt"]
[PlyCount "124"]
[WhiteFideId "12967084"]
[BlackFideId "12986062"]
[EventCountry "GER"]
[EventRounds "7"]
[EventType "team-swiss"]
[EventDate "2015.12.26"]

1. e4 e6 2. d4 d5 3. Nc3 dxe4 4. Nxe4 Nd7 5. Nf3 Ngf6 6. Bd3 b6 7. O-O Bb7 8.
Re1 Be7 9. b3 O-O 10. Bb2 c5 11. c4 Nxe4 12. Bxe4 Bxe4 13. Rxe4 Bf6 14. Qc2
cxd4 15. Nxd4 a6 16. Rd1 Qc7 17. Rg4 Ne5 18. Rg3 Ng6 19. Rgd3 Rfd8 20. Nf3 Bxb2
21. Qxb2 Rxd3 22. Rxd3 Nf4 23. Rd4 e5 24. Rd1 e4 25. Qe5 Qxe5 26. Nxe5 f6 27.
Nd7 b5 28. c5 Nd3 29. a3 a5 30. f3 f5 31. g4 Re8 32. Kf1 Nf4 33. Rd4 fxg4 34.
fxe4 h5 35. e5 Ne6 36. Rd6 h4 37. c6 Kf7 38. Nb6 g3 39. Rxe6 Kxe6 40. c7 gxh2
41. Kg2 h1=Q+ 42. Kxh1 Kxe5 43. c8=Q Rxc8 44. Nxc8 Kd4 45. Na7 Kc3 46. b4 axb4
47. Nxb5+ Kc4 48. Nd6+ Kd5 49. Nb5 Kc5 50. a4 b3 51. Nc3 Kb4 52. Ne4 b2 53. Nd2
Kxa4 54. Ne4 Kb3 55. Kg2 Kc2 56. Kh3 b1=Q 57. Ng5 Qh1+ 58. Kg4 Kd3 59. Nh3 Qg2+
60. Kxh4 Ke4 61. Ng5+ Kf5 62. Kh5 Qxg5# 0-1

[Event "DVM U14 2015"]
[Site "Verden/Aller GER"]
[Date "2015.12.30"]
[Round "7"]
[White "Köhler, Inken"]
[Black "Engel, Robert"]
[Result "1/2-1/2"]
[Termination "normal"]
[Board "2.3"]
[WhiteElo "1836"]
[BlackElo "1839"]
[WhiteTeam "TuRa Harksheide Norderstedt"]
[BlackTeam "Hamburger SK von 1830"]
[PlyCount "74"]
[WhiteFideId "12929301"]
[BlackFideId "12974684"]
[EventCountry "GER"]
[EventRounds "7"]
[EventType "team-swiss"]
[EventDate "2015.12.26"]

1. e4 c5 2. Nf3 d6 3. Bb5+ Nd7 4. c4 a6 5. Bxd7+ Bxd7 6. d4 cxd4 7. Nxd4 Nf6 8.
Nc3 Bc6 9. f3 e6 10. Be3 Be7 11. O-O O-O 12. Qd2 Qc7 13. Rac1 Rfd8 14. Qf2 Nd7
15. Rfd1 Rac8 16. Nd5 exd5 17. cxd5 Ne5 18. Nf5 Rd7 19. f4 Ng6 20. Nd4 Qb8 21.
dxc6 Rdc7 22. cxb7 Qxb7 23. Rxc7 Rxc7 24. Nf5 Qxe4 25. Nxe7+ Rxe7 26. Bc1 d5
27. b3 h6 28. Kf1 Re6 29. Rd4 Qb1 30. Qb2 Qf5 31. Qd2 Re4 32. g3 Rxd4 33. Qxd4
Qb1 34. Qd2 Qe4 35. Qe3 Qh1+ 36. Qg1 Qf3+ 37. Qf2 Qh1+ 1/2-1/2

[Event "DVM U14 2015"]
[Site "Verden/Aller GER"]
[Date "2015.12.30"]
[Round "7"]
[White "Meyling, Lennart"]
[Black "Bahde, Thiemo"]
[Result "1-0"]
[Termination "normal"]
[Board "2.4"]
[WhiteElo "1763"]
[BlackElo "1113"]
[WhiteTeam "Hamburger SK von 1830"]
[BlackTeam "TuRa Harksheide Norderstedt"]
[PlyCount "45"]
[WhiteFideId "12947130"]
[BlackFideId "16205537"]
[EventCountry "GER"]
[EventRounds "7"]
[EventType "team-swiss"]
[EventDate "2015.12.26"]

1. e4 e5 2. Nf3 Nc6 3. Bc4 Bc5 4. O-O Nf6 5. d4 exd4 6. e5 Ng4 7. Bf4 f6 8. Re1
Be7 9. h3 Ngxe5 10. Nxe5 Nxe5 11. Bxe5 fxe5 12. Qf3 Bf6 13. Rxe5+ Kf8 14. Qd5
Qe7 15. Rxe7 Kxe7 16. Qf7+ Kd8 17. Nd2 d6 18. Ne4 Be5 19. f4 d5 20. fxe5 dxc4
21. e6 Re8 22. Nd6 Rxe6 23. Nxc8 1-0